Robinson Crusoe.

Guardat en:
Dades bibliogràfiques
Autor principal: Defoe, Daniel (autor)
Altres autors: Dreys, Virginia A. (traducción), Aguilera, Emiliano M. (notas prologales)
Format: Llibre
Idioma:anglès
Publicat: Barcelona, España: Iberia, 1953
Col·lecció:Obras Maestras.
Matèries:
Etiquetes: Afegir etiqueta
Sense etiquetes, Sigues el primer a etiquetar aquest registre!

MARC

LEADER 00000cam a2200000 a 4500
001 UCC2183
003 CL-VaPUC
005 20220822114521.0
008 220623b1953 ||||| |||| 00| 0 eng d
999 |c 436317  |d 436315 
040 |c Pontificia Universidad Católica de Valparaíso 
082 0 4 |a 823 DEF 1953  |2 21 
100 |a Defoe, Daniel   |e autor  |9 338739 
245 1 0 |a Robinson Crusoe. 
260 |a Barcelona, España:  |b Iberia,  |c 1953 
300 |a 338 páginas. 
490 0 |a Obras Maestras. 
500 |a c.1 Donación Familia Prof. Alejandro Guzmán Brito. 
583 |a last modification  |c 20180114 20:51:00  |k Catalogador Asistente 
650 0 |a Novelas inglesas  |9 265220 
650 0 |a Literatura inglesa  |9 312907 
700 |a Dreys, Virginia A.  |e traducción  |9 871391 
700 |a Aguilera, Emiliano M.  |e notas prologales  |9 871392 
942 |c BK  |2 ddc  |n 0 
952 |0 0  |1 0  |2 ddc  |4 0  |6 823_000000000000000_DEF_1953  |7 0  |8 C_AGB  |9 584022  |a BIBDER  |b BIBDER  |d 2022-06-23  |e Donación  |i 5652092  |o 823 DEF 1953  |p 5652092  |r 2023-01-25  |t 1  |w 2022-06-23  |y BK_US  |k AGB